000 00563nam a2200217Ia 4500
003 OSt
005 20220924133430.0
006 a|||||r|||| 00| 0
007 ta
008 220923b |||||||| |||| 00| 0 snd d
024 _a265284
037 _cTextual
040 _aARTS
_cARTS
_bsnd
041 _2snd
_asnd
082 _aO1593:3NME:1, K0;L3
100 _aMehrchandani Kirat
_9206457
245 0 _aSapno - ain - kakikat
260 _c1973
942 _hO1593:3NME:1, K0;L3
_cTEXL
_2CC
999 _c433826
_d433826